Ship construction / (Record no. 2553)

000 -LEADER
fixed length control field 00408nam a22001577a 4500
008 - FIXED-LENGTH DATA ELEMENTS--GENERAL INFORMATION
fixed length control field 200309b ||||| |||| 00| 0 eng d
041 0# - LANGUAGE CODE
Language code of text/sound track or separate title eng
082 00 - DEWEY DECIMAL CLASSIFICATION NUMBER
Classification number 623.82
Item number D627
100 ## - MAIN ENTRY--PERSONAL NAME
9 (RLIN) 2151
Personal name D'Mello, C.V.
245 10 - TITLE STATEMENT
Title Ship construction /
250 ## - EDITION STATEMENT
Edition statement 1st ed.
260 ## - PUBLICATION, DISTRIBUTION, ETC. (IMPRINT)
Place of publication, distribution, etc Mumbai:
Name of publisher, distributor, etc Bhandarkar Publication,
Date of publication, distribution, etc 2007.
300 ## - PHYSICAL DESCRIPTION
Extent iv, 97 p.
650 #0 - SUBJECT ADDED ENTRY--TOPICAL TERM
Topical term or geographic name as entry element Ship Building
942 ## - ADDED ENTRY ELEMENTS (KOHA)
Item type Books
Holdings
Withdrawn status Lost status Source of classification or shelving scheme Damaged status Not for loan Permanent location Current location Date acquired Source of acquisition Full call number Barcode Date last seen Cost, replacement price Koha item type
          IMU Kolkata IMU Kolkata 2010-03-12 Jyoti, the Book People 623.82 D627 10879 2020-03-09 150.00 Books
Designed and Maintained by IMU-KC Library, Kolkata Campus © Copyright All Rights Reserved

webs counters

Powered by Koha